Parliamentry debates: (Hansard) offical report 1979.: Vol.7 no7 (part i)

Saved in:
Bibliographic Details
Main Author: Sri Lanka . Parliament
Format: Book
Published: 1979
Tags: Add Tag
No Tags, Be the first to tag this record!

MARC

LEADER 00000nam a2200000 a 4500
082 |a 328.502 
100 |a Sri Lanka . Parliament 
245 |a Parliamentry debates: (Hansard) offical report 1979.: Vol.7 no7 (part i)  
260 |c 1979 
300 |a 1408 - 1525p. 22cm. 
942 |c AFW 
999 |c 155107  |d 155107